000 00622nam a2200241Ia 4500
003 OSt
005 20221005121445.0
006 a|||||r|||| 00| 0
007 ta
008 221004b |||||||| |||| 00| 0 eng d
024 _a33419
037 _cTextual
040 _aCRL
_cCRL
_beng
041 _2eng
_aeng
082 _aO:1J91x, D9.2
100 _aHerrick Robert
245 0 _aHesperides and noble numbers ed by Alfred Pollard
260 _c1909
490 _aMuses' library.
650 _aENGLISH LITERATURE
942 _hO:1J91x, D9.2
_cTEXL
_2cc
999 _c1041208
_d1041208